Study Guide To Accompany Brady/Holum Fundamentals of chemistry
| Main Authors: | , |
|---|---|
| Format: | Section = Libro |
| Language: | Undetermined Spanish |
| Published: |
New York
John Wiley & Sons
1988
|
| Edition: | 3a.ed. |
| Subjects: |
| LEADER | 00578nam a2200217Ia 4500 | ||
|---|---|---|---|
| 008 | 240830s9999 xx 000 0 und d | ||
| 020 | |a 0-471-62977-4 | ||
| 040 | |a CEDOC FIQ-RUSB / 540 B812 | ||
| 041 | |a spa | ||
| 082 | |a 540 B812 | ||
| 100 | 1 | |a Brady, James E | |
| 100 | 1 | |b Holum, Jhon R. | |
| 245 | 1 | 0 | |a Study Guide To Accompany Brady/Holum Fundamentals of chemistry |
| 250 | |a 3a.ed. | ||
| 260 | |a New York |b John Wiley & Sons |c 1988 | ||
| 300 | |a 564 p.: il. | ||
| 650 | 7 | |a QUÍMICA GENERAL | |
| 650 | 7 | |b PROPIEDADES DE GASES | |
| 942 | |c BK |2 ddc | ||
| 991 | |a TEXTO | ||
| 999 | |c 13864 | ||